01505nam a2200349 a 4500001001000000003000500010005001700015008004100032010001100073011001100084040000900095090001000104100004600114245019000160260004100350500006000391502006900451590004100520590004000561590004000601650002000641650003000661650004500691650003100736856007000767901000700837942001000844942000600854999001900860952013600879952014001015000109715CHAP20220329144101.0140521s2014 mx a sm |||||||spa d a106177 a107149 cCHAP aTesis1 aGarcía Montesinos, Luis Enrique912695810aComparación entre la EUPS y la metodología de morgan para estimar erosión hídrica en la microcuenca de Acaxochitlan, Hidalgoh[En línea]cpor Luis Enrique García Montesinos. aChapingo, Méx. :bEl autor,c2014. aPara ver el contenido del material haga clic en la liga aTesis (Ing. Agr. Esp. en Suelos) -- UACH. Departamento de Suelos aBATCH-UPDb05c20141002lUCH01h0904 aE5652GLJb05c20140521lUCH01h1144 aE5652GLJb05c20140521lUCH01h114414aCuencas.93008514aSensores remotos.910442714aSuelosxConservaciónxHidalgo.911030014aSuelosxErosión.9110357 aFinding aiduhttp://10.13.5.2/tesis/sist109715.pdfzTeclea aquí aBK cTESIS n0 c106177d106177 00104054718TESISaBCbBCd2014-05-21fTESISl0oTesisp33724002407934r2019-12-31 00:00:00w2019-12-31yTESISzRecien adquirido 00102local4053708TESISaBCbBCcPA_TESISd2014-05-21fTESISl0oTesisp33724002407975r2019-12-31 00:00:00tc.2w2019-12-31yTESIS